[Event "Titled Tuesday intern op 04th Jun Early"]
[Site "Chess.com INT"]
[Date "2024.06.04"]
[Round "3"]
[White "Begmuratov, Khumoyun"]
[Black "Seferov, Ismail"]
[Result "1-0"]
[WhiteElo "2429"]
[BlackElo "2415"]
[PlyCount "65"]
[EventDate "2024.06.04"]
[EventType "swiss (blitz)"]
[EventRounds "11"]
[EventCountry "USA"]
[SourceTitle "EXT 2025"]
[Source "ChessBase"]
[SourceDate "2024.10.14"]
[SourceVersion "1"]
[SourceVersionDate "2024.10.14"]
[SourceQuality "1"]

1. e4 e5 2. Nf3 Nc6 3. Bb5 f5 4. d3 fxe4 5. dxe4 Nf6 6. 0-0 Bc5 7. Bxc6 bxc6 8. Nxe5 0-0 9. Nc3 d6 10. Na4 Bb6 11. Nxb6 axb6 12. Nxc6 Qe8 13. Nd4 Qxe4 14. f3 Qh4 15. Be3 Ba6 16. Re1 Rae8 17. Qd2 Qh5 18. Bg5 Bc8 19. Bxf6 Rxf6 20. Rxe8+ Qxe8 21. Re1 Qf7 22. b3 h6 23. c4 Bd7 24. Ne2 Bc6 25. Nd4 Bd7 26. Qe3 c5 27. Ne2 Re6 28. Qd2 Qe7 29. Kf1 Bc6 30. Nf4 Re5 31. Ng6 Rxe1+ 32. Qxe1 Qg5 33. Ne7+ 1-0

[Event "Titled Tuesday intern op 31st Oct Late"]
[Site "Chess.com INT"]
[Date "2023.10.31"]
[Round "2"]
[White "Senft, Sean"]
[Black "Seferov, Ismail"]
[Result "0-1"]
[WhiteElo "2107"]
[BlackElo "2415"]
[PlyCount "78"]
[EventDate "2023.10.31"]
[EventType "swiss (blitz)"]
[EventRounds "11"]
[EventCountry "USA"]
[SourceTitle "EXT 2025"]
[Source "ChessBase"]
[SourceDate "2024.10.14"]
[SourceVersion "1"]
[SourceVersionDate "2024.10.14"]
[SourceQuality "1"]

1. d4 Nf6 2. c4 g6 3. Nc3 Bg7 4. e4 0-0 5. f4 d6 6. Nf3 c5 7. d5 e6 8. Be2 exd5 9. exd5 Re8 10. 0-0 Bf5 11. Bd3 Bxd3 12. Qxd3 Na6 13. f5 Nb4 14. Qb1 Ng4 15. Bg5 Bf6 16. Bxf6 Qxf6 17. a3 Na6 18. Qd3 Nc7 19. Rae1 Rxe1 20. Rxe1 Re8 21. Rxe8+ Nxe8 22. fxg6 hxg6 23. Qe4 Ne5 24. Nxe5 dxe5 25. Qf3 Qe7 26. Kf2 Nd6 27. b3 f5 28. Nb5 Ne4+ 29. Kg1 Qg5 30. h3 Ng3 31. d6 Qc1+ 32. Kf2 Ne4+ 33. Ke2 Qc2+ 34. Ke1 Qd2+ 35. Kf1 a6 36. Nc3 Nxc3 37. d7 Ne4 38. g4 Qxd7 39. gxf5 Nd2+ 0-1